Jornada de promoció de la Recerca a Torribera
Descripción Física:
1 díptic ; 21 cm
MARC
| LEADER | 00000nam a2200000Ia 4500 | ||
|---|---|---|---|
| 001 | 24523 | ||
| 003 | BGR | ||
| 005 | 20260324180615.0 | ||
| 008 | 160829s9999 xx 000 0 cat d | ||
| 080 | |a FU-67-19 | ||
| 111 | |a Jornada de promoció de la Recerca a Torribera |9 71203 |c (Santa Coloma de Gramanet : |d 2000) | ||
| 245 | |a Jornada de promoció de la Recerca a Torribera | ||
| 260 | |a Barcelona : |b [Diputació de Barcelona. Àrea de Salut Pública], DL 2000 | ||
| 300 | |a 1 díptic ; |c 21 cm | ||
| 590 | |a Inclou el programa de conferències | ||
| 650 | |a Psiquiatria |x Investigació |9 50244 | ||
| 650 | |a Psiquiatria geriàtrica |x Investigació |9 49938 | ||
| 710 | 1 | |a Barcelona (Catalunya : Província). |b Àrea de Salut Pública |9 55930 | |
| 901 | |a Arxiu | ||
| 942 | |n 1 |2 udc |c MON | ||
| 952 | |0 0 |1 0 |4 0 |6 FU6719 |7 1 |9 55696 |a Arxiu |b Arxiu |d 2016-12-01 |l 0 |o FU-67-19 |p 24523 |r 2016-12-01 00:00:00 |w 2016-12-01 |y ARXIU | ||
| 999 | |c 59569 |d 59569 | ||